Población, agrícola y política en mao, 1980 1960 / Rafael Darío Herrera Rodriguez (Registro nro. 1933)

Detalles MARC
000 -LEADER
fixed length control field 00702nam a22002051a 4500
001 - CONTROL NUMBER
control field 1933
003 - CONTROL NUMBER IDENTIFIER
control field OSt
005 - DATE AND TIME OF LATEST TRANSACTION
control field 20260204211753.0
008 - FIXED-LENGTH DATA ELEMENTS--GENERAL INFORMATION
fixed length control field 040122s2000||||dr ||||||b||||||||||spa||
020 ## - NUMERO DE LIBRO INTERNACIONAL NORMALIZADO
International Standard Book Number 999340120 0
050 ## - LIBRARY OF CONGRESS CALL NUMBER
Classification number 307.1412 H434p
082 ## - DEWEY DECIMAL CLASSIFICATION NUMBER
Classification number 307.1412 H434p
100 ## - ASIENTO PRINCIPAL -- NOMBRE PERSONAL
Personal name Herrera Rodriguez, Rafael Darío
245 ## - TÍTULO PROPIAMENTE DICHO: SUBTÍTULO
Title Población, agrícola y política en mao, 1980 1960 / Rafael Darío Herrera Rodriguez
264 ## - PRODUCTION, PUBLICATION, DISTRIBUTION, MANUFACTURE, AND COPYRIGHT NOTICE
Place of production, publication, distribution, manufacture Santo Domingo : Comision presidencial de apoyo al desarrollo provincial
300 ## - PHYSICAL DESCRIPTION
Extensión 314 p. (colección provincias No 6)
500 ## - GENERAL NOTE
General note Incluye bibliiografías
650 ## - ASIENTO SECUNDARIO DE MATERIA -- TERMINO TEMÁTICO
Termino Temático Como Elemento de Entrada 1.Desarrollo Regional - Mao 2.Desarrollo Rural 3.Provincia - ValverdeÌ
942 ## - ADDED ENTRY ELEMENTS (KOHA)
Source of classification or shelving scheme Dewey Decimal Classification
Koha item type Libros
Existencias
Withdrawn status Lost status Source of classification or shelving scheme Damaged status Not for loan Current library Date acquired Total Checkouts Full call number Barcode Date last seen Price effective from Koha item type
    Dewey Decimal Classification     Biblioteca UTECO 09/09/2019   307.1412 H434P 006195 09/09/2019 09/09/2019 Libros
© 2021 Derechos Reservados UTECO - Teléfono: +1 809-585-2291 - Correo electrónico: biblioteca@uteco.edu.do​  
Código postal 43000 ​​
Dirección: Avenida Universitaria No. 100, 
Cotuí, Provincia Sánchez Ramírez, República Dominicana - RNC: 404-00059-6